| 000 | 00543nam a22001817a 4500 | ||
|---|---|---|---|
| 003 | CEME | ||
| 005 | 20210628205402.0 | ||
| 008 | 210315b xxu||||| |||| 00| 0 eng d | ||
| 020 | _a0-442-30366-7 | ||
| 040 | _c. | ||
| 082 | _a670.285 COM'A | ||
| 100 |
_aAyres, R. U Haywood, W Tchijov, I _975283 |
||
| 245 | _aComputer integrated manufacturing models case studies and forecasts of diffusion | ||
| 260 |
_aLONDON _bCHAPMAN & HALL _c1992 |
||
| 300 | _a324P | ||
| 650 |
_aCOMPUTER INTEGRATED MANUFACTURING-SYSTEMS _918505 |
||
| 942 |
_cBK _2ddc |
||
| 999 |
_c580729 _d580729 |
||